Detalles MARC
| 000 -LÍDER |
| Campo fijo de descripción fija |
02235nam a2200337 i 4500 |
| 001 - NÚMERO DE CONTROL |
| Campo de control |
768714001 |
| 003 - IDENTIFICADOR DEL NÚMERO DE CONTROL |
| Campo de control |
CO-MdFUSB |
| 005 - FECHA Y HORA DE LA ULTIMA TRANSACCIÓN |
| control field |
20220411124835.0 |
| 007 - CAMPO FIJO DE DESCRIPCIÓN FIJA--INFORMACIÓN GENERAL |
| Campo fijo de descripción fija |
ta |
| 008 - ELEMENTOS DE LONGITUD FIJA -- INFORMACIÓN GENERAL |
| Campo fijo de descripción fija -- Información general |
040728t2004 inu sb 001 0 eng d |
| 020 ## - NÚMERO INTERNACIONAL NORMALIZADO PARA LIBROS |
| Cancelado / ISBN no válido |
1575060981 |
| 040 ## - FUENTE DE CATALOGACIÓN |
| Agencia de catalogación original |
MiAaPQ |
| Agencia que realiza la transcripción |
CO-MdFUSB |
| Agencia que realiza la modificación |
MiAaPQ |
| Idioma de catalogación |
spa |
| Convenciones de la descripción |
rda |
| 041 ## - CÓDIGO DE IDIOMA |
| Código de idioma para texto/pista de sonido o título separado |
eng |
| 082 ## - NÚMERO DE CLASIFICACIÓN DECIMAL DEWEY |
| Número de la edición del Dewey |
23 |
| Número de clasificación |
224.206 |
| Clave de autor-Numero de item |
R287 |
| 245 00 - TÍTULO |
| Título del Material |
Reading the book of Jeremiah : |
| Parte restante del título - Subtitulo |
a search for coherence / |
| Mención de responsabilidad, etc. |
editado por Martin Kessler. |
| 264 ## - PRODUCCIÓN, PUBLICACIÓN, DISTRIBUCIÓN, MANUFACTURA, Y COPYRIGHT |
| Lugar de producción, publicación, distribución, manufactura |
Winona Lake, Ind. : |
| Nombre del productor, publicador, distribuidor |
Eisenbrauns, |
| Fecha de producción, publicación, distribución, manufactura, o copyright |
[2004] |
| 264 ## - PRODUCCIÓN, PUBLICACIÓN, DISTRIBUCIÓN, MANUFACTURA, Y COPYRIGHT |
| Fecha de producción, publicación, distribución, manufactura, o copyright |
© 2004 |
| 300 ## - DESCRIPCIÓN FÍSICA |
| Extensión |
204 páginas |
| Dimensiones |
; 24 cm |
| 336 ## - TIPO DE CONTENIDO |
| Fuente |
rdacontent |
| Término de tipo de contenido |
texto |
| Código de tipo de contenido |
txt |
| 337 ## - TIPO DE MEDIO |
| Fuente |
rdamedia |
| Nombre del tipo de medio |
sin mediación |
| Código del tipo de medio |
n |
| 338 ## - TIPO DE SOPORTE |
| Fuente |
rdacarrier |
| Nombre del tipo de soporte |
volumen |
| Código Tipo de soporte |
nc |
| 504 ## - NOTA DE BIBLIOGRAFÍA, ETC. |
| Nota de bibliografía, etc |
Incluye referencias bibliográficas (p. 191-194) e índices. |
| 505 ## - NOTA DE CONTENIDO |
| Nota de contenido con formato preestablecido |
Una aproximación al libro de Jeremías / Klaas A.D. Smelik -- Hacia un análisis sincrónico del texto masorético del libro de Jeremías / A.O.J. van der Wal -- Acercándonos a Jeremías : la palabra de Yhwh y la persona literario-teológica de un profeta / Joep Dubbink -- Jeremías el Profeta : a horcajadas sobre dos mundos / Louis Stulman -- El andamiaje del libro de Jeremías / Martin Kessler -- El lugar del lector en Jeremías / CR Seitz -- El Jeremías polifónico : una lectura del libro de Jeremías / Robert P. Carroll -- La función de Jeremías 50 y 51 en el libro de Jeremías / Klaas AD Smelik -- ¿Un dios de la venganza? : comparando los tratos de Yhwh con Judá y Babilonia en el libro de Jeremías / J.G. Amesz -- A merced de Babilonia : una relectura subversiva del imperio / Walter Brueggemann -- El mensaje de esperanza de Jeremías : fe pública y angustia privada / Ronald Clements -- "Tu exilio será largo" : el libro de Jeremías y lo interminable exilio / John Hill -- Confiabilidad divina y la coherencia conceptual del libro de Consolación (Jeremías 30-31) / Bob Becking -- Citas del libro de Jeremías en el Nuevo Testamento / JW mazurel. |
| 506 ## - NOTA DE RESTRICCIONES DE ACCESO |
| Condiciones de acceso |
Unlimited access license for APU-affiliated users. |
| 563 ## - NOTA DE ENCUADERNACIÓN |
| Nota de encuadernación |
Texto en inglés |
| 588 ## - SOURCE OF DESCRIPTION NOTE |
| Source of description note |
Rústico |
| 630 #7 - TITULO UNIFORME |
| Título uniforme |
Biblia. |
| Nombre de parte o sección de la obra |
Antiguo Testamento |
| Subdivisión de materia general |
Crítica, interpretación, etc. |
| 700 1# - ASIENTO SECUNDARIO - NOMBRE PERSONAL |
| Nombre personal |
Kessler, Martin, |
| Fechas asociadas con el nombre |
1927- |
| Responsabilidad |
editor |
| 942 ## - TIPO DE MATERIAL (KOHA) |
| Tipo de Item KOHA |
Libros General |
| 945 ## - INFORMACIÓN LOCAL DEL REGISTRO |
| Catalogador |
JTF-925 |